Fluffy's valentine's day / (Record no. 113467)
[ view plain ]
| 000 -LEADER | |
|---|---|
| fixed length control field | 00758nam a2200217 a 4500 |
| 001 - CONTROL NUMBER | |
| control field | 0196 |
| 005 - DATE AND TIME OF LATEST TRANSACTION | |
| control field | 20140414132021.0 |
| 008 - FIXED-LENGTH DATA ELEMENTS--GENERAL INFORMATION | |
| fixed length control field | 040819s19uu xx 00 eng d |
| 020 ## - INTERNATIONAL STANDARD BOOK NUMBER | |
| International Standard Book Number | 0-590-37216-5 |
| 050 ## - LIBRARY OF CONGRESS CALL NUMBER | |
| Classification number | TR |
| Item number | F67 1998 |
| 100 ## - MAIN ENTRY--PERSONAL NAME | |
| Personal name | McMullan, Kate |
| 245 ## - TITLE STATEMENT | |
| Title | Fluffy's valentine's day / |
| Statement of responsibility, etc | by Kate McMullan ; illustrated by Mavis Smith. |
| 260 ## - PUBLICATION, DISTRIBUTION, ETC. (IMPRINT) | |
| Place of publication, distribution, etc | New York : |
| Name of publisher, distributor, etc | Scholastic, |
| Date of publication, distribution, etc | 1998. |
| 300 ## - PHYSICAL DESCRIPTION | |
| Extent | 1 v.p. : ill. ; cm. |
| 440 ## - SERIES STATEMENT/ADDED ENTRY--TITLE | |
| Title | Hello Reader, Level 3 |
| 520 ## - SUMMARY, ETC. | |
| Summary, etc | Fluffy endures a bath and shampoo at school Valentine's Day, but when another guinea pig named Kiss is placed in his play yard, his patience snaps. |
| 650 ## - SUBJECT ADDED ENTRY--TOPICAL TERM | |
| Topical term or geographic name as entry element | Valentine's day |
| General subdivision | Fiction. |
| 650 ## - SUBJECT ADDED ENTRY--TOPICAL TERM | |
| Topical term or geographic name as entry element | Guinea pigs |
| General subdivision | Fiction. |
| 650 ## - SUBJECT ADDED ENTRY--TOPICAL TERM | |
| Topical term or geographic name as entry element | Schools |
| General subdivision | Fiction. |
| Withdrawn status | Lost status | Damaged status | Use restrictions | Home library | Current library | Shelving location | Date acquired | Source of acquisition | Total Checkouts | Full call number | Barcode | Date last seen | Price effective from | Koha item type |
|---|---|---|---|---|---|---|---|---|---|---|---|---|---|---|
| Munich Library | Munich Library | Teachers Reference Section | 08/19/2004 | TR F67 1998 | M5036 | 04/14/2014 | 04/14/2014 | Books |